| 000 | 00470nam a2200205Ia 4500 | ||
|---|---|---|---|
| 005 | 20240823052340.0 | ||
| 008 | 240823s9999||||xx |||||||||||||| ||und|| | ||
| 020 | _a978-81-231-1088-0 | ||
| 041 | _aENGLISH | ||
| 082 | _A658.72 Q3 | ||
| 100 | _aPestonjee D M | ||
| 245 | 0 | _astress and work | |
| 250 | _a1st | ||
| 260 |
_c2013 _bSage Public |
||
| 500 | _aYES | ||
| 650 |
_aStress and Work _bGeneral |
||
| 700 | _a satish Pandey | ||
| 942 | _cBK | ||
| 999 |
_c221656 _d221656 |
||